000 00675nam a2200193 i 4500
001 141090
003 ES-MaACL
005 20250902070715.0
007 t|
008 070919s1966 sp ||||1| spa d
100 1 _aYu Chuen-Tao, Luis.
_9117724
245 1 0 _aAplicaciones prácticas del PERT y CPM
_b: nuevos métodos de dirección para planificación, programación y control de proyectos /
_cLuis Yu Chuen-Tao.
260 _aBilbao :
_bDeusto,
_c[1966]
300 _a166 p. :
_bil. ;
_c22 cm.
650 1 4 _aProgramación lineal.
_916466
650 1 7 _aGestión de empresas
_2embne
_912210
852 _aES-MaACL
_jC-30869
_bR.61412
999 _c141090
_d141090